[Event "CZE-chT2F 1819"]
[Site "Czech Republic"]
[Date "2018.10.14"]
[Round "1.8"]
[White "Kudla, Richard"]
[Black "Beran, Petr"]
[Result "1-0"]
[WhiteElo "2052"]
[BlackElo "2032"]
[PlyCount "81"]
[EventDate "2018.10.14"]
[EventType "team-tourn"]
[EventRounds "11"]
[EventCountry "CZE"]
[SourceTitle "EXT 2022"]
[Source "ChessBase"]
[SourceDate "2021.10.06"]
[SourceVersion "1"]
[SourceVersionDate "2021.10.06"]
[SourceQuality "1"]
[WhiteTeam "Poruba Slavoj II"]
[BlackTeam "Havirov Slovan"]
[WhiteTeamCountry "CZE"]
[BlackTeamCountry "CZE"]

1. e4 c6 2. d4 d5 3. f3 e6 4. Nc3 b5 5. a3 Nf6 6. e5 Nfd7 7. f4 a6 8. b4 a5 9. Rb1 Na6 10. Na2 axb4 11. axb4 Nb6 12. c3 Nc4 13. Qc2 Be7 14. Bd3 g6 15. Nf3 Nc7 16. 0-0 Bb7 17. Qf2 Kd7 18. Ra1 h6 19. Nd2 Nxd2 20. Bxd2 Ra6 21. Be3 Qa8 22. Qc2 Qa7 23. Rf2 Ra8 24. g4 Qb8 25. f5 gxf5 26. gxf5 Qg8+ 27. Rg2 Qh8 28. f6 Bf8 29. Bh7 Rxa2 30. Rxa2 Rxa2 31. Qxa2 Qxh7 32. Qc2 Qf5 33. Qxf5 exf5 34. Rg7 Ke8 35. Bxh6 Ne6 36. Rg8 Bc8 37. Kf2 Bd7 38. Bxf8 Nxf8 39. Kf3 f4 40. Kxf4 Bh3 41. Kg5 1-0

[Event "CZE-chT2F 1516"]
[Site "Czech Republic"]
[Date "2016.04.03"]
[Round "10.67"]
[White "Krmela, Ales"]
[Black "Kudla, Richard"]
[Result "1-0"]
[WhiteElo "2023"]
[BlackElo "2030"]
[PlyCount "125"]
[EventDate "2015.10.18"]
[EventType "team-tourn"]
[EventRounds "11"]
[EventCountry "CZE"]
[SourceTitle "EXT 2022"]
[Source "ChessBase"]
[SourceDate "2021.10.06"]
[SourceVersion "1"]
[SourceVersionDate "2021.10.06"]
[SourceQuality "1"]
[WhiteTeam "Hostalkova"]
[BlackTeam "Poruba Slavoj II"]
[WhiteTeamCountry "CZE"]
[BlackTeamCountry "CZE"]

1. c4 c6 2. Nc3 d5 3. cxd5 cxd5 4. d4 Nf6 5. g3 Nc6 6. Bg2 e6 7. Nf3 Be7 8. 0-0 0-0 9. b3 b6 10. Bb2 Ba6 11. Re1 Rc8 12. Rc1 Qd7 13. a3 Rfd8 14. b4 Bc4 15. e3 a5 16. b5 Na7 17. Ne5 Qe8 18. Nxc4 Rxc4 19. Qb3 a4 20. Nxa4 Rxc1 21. Rxc1 Qxb5 22. Qd1 Rc8 23. Rxc8+ Nxc8 24. Bf1 Qc6 25. Qb3 Ne4 26. Bb5 Qc7 27. Ba6 Bd8 28. Bc3 Ncd6 29. f3 Ng5 30. Be2 Nf5 31. Be1 h6 32. Kf2 h5 33. Qc3 Qb8 34. Kg2 Bc7 35. Bf2 g6 36. Qc1 Kg7 37. e4 Nxe4 38. fxe4 dxe4 39. Nc3 Qb7 40. Be3 Bd6 41. Nb5 Bb8 42. Bf4 Bxf4 43. Qxf4 Qc6 44. Qe5+ f6 45. Qc7+ Qxc7 46. Nxc7 Nxd4 47. Kf2 f5 48. Na8 e3+ 49. Kf1 g5 50. Nxb6 f4 51. Bxh5 f3 52. Bxf3 Nxf3 53. a4 Nd2+ 54. Ke2 Nb3 55. Kxe3 Kf6 56. Nc4 Kf5 57. a5 Nc5 58. h3 e5 59. Nd6+ Kg6 60. Kf3 Na6 61. Ke4 Kf6 62. Kd5 g4 63. h4 1-0

[Event "CZE-chT2F 1516"]
[Site "Czech Republic"]
[Date "2016.02.21"]
[Round "8.54"]
[White "Kudla, Richard"]
[Black "Vavruska, Antonin"]
[Result "1/2-1/2"]
[WhiteElo "2030"]
[BlackElo "2099"]
[PlyCount "81"]
[EventDate "2015.10.18"]
[EventType "team-tourn"]
[EventRounds "11"]
[EventCountry "CZE"]
[SourceTitle "EXT 2022"]
[Source "ChessBase"]
[SourceDate "2021.10.06"]
[SourceVersion "1"]
[SourceVersionDate "2021.10.06"]
[SourceQuality "1"]
[WhiteTeam "Poruba Slavoj II"]
[BlackTeam "Stare Mesto II"]
[WhiteTeamCountry "CZE"]
[BlackTeamCountry "CZE"]

1. e4 e6 2. d4 d5 3. exd5 exd5 4. Bd3 Nc6 5. c3 Bd6 6. Nf3 Nf6 7. 0-0 0-0 8. Bg5 Bg4 9. Nbd2 Bh5 10. Qb3 Rb8 11. Bxf6 gxf6 12. Rfe1 Ne7 13. Qc2 Bg6 14. Nf1 Qd7 15. Ne3 Kh8 16. h3 Rg8 17. Ng4 Bh5 18. Bxh7 Rg7 19. Rxe7 Bxe7 20. Bf5 Qd6 21. Qd2 Bxg4 22. hxg4 Rg5 23. Nxg5 fxg5 24. Qe3 Kg7 25. Re1 Bf6 26. g3 Rh8 27. Kg2 b6 28. b4 c6 29. Rh1 Rxh1 30. Kxh1 a5 31. a3 Qe7 32. Kg2 Qxe3 33. fxe3 Be7 34. Bd7 c5 35. dxc5 axb4 36. axb4 bxc5 37. b5 Kf6 38. Kf3 Ke5 39. Ke2 Bd8 40. Bf5 Ba5 41. Kd3 1/2-1/2

[Event "CZE-chT2F 1415"]
[Site "Czech Republic"]
[Date "2015.03.29"]
[Round "10.63"]
[White "Mrva, Marek"]
[Black "Kudla, Richard"]
[Result "1-0"]
[WhiteElo "2185"]
[BlackElo "2075"]
[PlyCount "41"]
[EventDate "2014.11.02"]
[EventType "team-tourn"]
[EventRounds "11"]
[EventCountry "CZE"]
[SourceTitle "EXT 2022"]
[Source "ChessBase"]
[SourceDate "2021.10.06"]
[SourceVersion "1"]
[SourceVersionDate "2021.10.06"]
[SourceQuality "1"]
[WhiteTeam "Ostrava TJ Nova Hut"]
[BlackTeam "Poruba Slavoj II"]
[WhiteTeamCountry "CZE"]
[BlackTeamCountry "CZE"]

1. e4 d6 2. d4 Nf6 3. Nc3 e5 4. Nf3 Nbd7 5. g3 Be7 6. Bg2 0-0 7. 0-0 c6 8. a4 b6 9. h3 Bb7 10. Nh4 Re8 11. Nf5 Bf8 12. Re1 Qc7 13. Kh1 a6 14. f4 g6 15. fxe5 dxe5 16. Nh6+ Bxh6 17. Bxh6 exd4 18. Bf4 Ne5 19. Qxd4 c5 20. Qf2 Rad8 21. Bg5 1-0

[Event "CZE-chT2F 1415"]
[Site "Czech Republic"]
[Date "2015.03.15"]
[Round "9.26"]
[White "Bachorik, Otto"]
[Black "Kudla, Richard"]
[Result "1-0"]
[WhiteElo "2138"]
[BlackElo "2075"]
[PlyCount "71"]
[EventDate "2014.11.02"]
[EventType "team-tourn"]
[EventRounds "11"]
[EventCountry "CZE"]
[SourceTitle "EXT 2022"]
[Source "ChessBase"]
[SourceDate "2021.10.06"]
[SourceVersion "1"]
[SourceVersionDate "2021.10.06"]
[SourceQuality "1"]
[WhiteTeam "Ostrava Labortech II"]
[BlackTeam "Poruba Slavoj II"]
[WhiteTeamCountry "CZE"]
[BlackTeamCountry "CZE"]

1. d4 c6 2. Nf3 d5 3. g3 Nf6 4. Bg2 g6 5. 0-0 Bg7 6. b3 0-0 7. Bb2 Nbd7 8. Nbd2 Re8 9. h3 Qc7 10. c4 dxc4 11. Nxc4 Nb6 12. Nfe5 Bf5 13. Re1 Rad8 14. e4 Be6 15. Qe2 Qc8 16. Kh2 Nfd7 17. Rac1 Qb8 18. Nd3 Nf8 19. Qe3 f6 20. Nc5 Bf7 21. Na5 Rd7 22. Nxd7 Nfxd7 23. Red1 e6 24. Nc4 e5 25. Nxb6 Nxb6 26. dxe5 fxe5 27. Rc2 Qc7 28. Rcd2 Be6 29. Ba3 Nc8 30. Bf1 b6 31. Qg5 c5 32. Rd8 Rxd8 33. Qxd8+ Qxd8 34. Rxd8+ Kf7 35. Ba6 Ne7 36. Ra8 1-0

[Event "CZE-chT2F 1415"]
[Site "Czech Republic"]
[Date "2015.02.22"]
[Round "8.56"]
[White "Kudla, Richard"]
[Black "Kocian, Karel"]
[Result "1/2-1/2"]
[WhiteElo "2075"]
[BlackElo "2220"]
[PlyCount "135"]
[EventDate "2014.11.02"]
[EventType "team-tourn"]
[EventRounds "11"]
[EventCountry "CZE"]
[SourceTitle "EXT 2022"]
[Source "ChessBase"]
[SourceDate "2021.10.06"]
[SourceVersion "1"]
[SourceVersionDate "2021.10.06"]
[SourceQuality "1"]
[WhiteTeam "Poruba Slavoj II"]
[BlackTeam "Trinec II"]
[WhiteTeamCountry "CZE"]
[BlackTeamCountry "CZE"]

1. e4 c5 2. c3 d6 3. d4 Nd7 4. f4 g6 5. Nf3 Bg7 6. Bd3 Ngf6 7. e5 Nd5 8. e6 fxe6 9. Ng5 Nf8 10. dxc5 dxc5 11. Bb5+ Bd7 12. Nxe6 Nxe6 13. Qxd5 Bxb5 14. Qxe6 Qd6 15. Qxd6 exd6 16. Be3 0-0-0 17. Na3 Bc6 18. 0-0 Rhe8 19. Rfe1 Re4 20. Rad1 Rde8 21. Kf2 Kc7 22. Nb1 R4e6 23. g3 b6 24. Nd2 d5 25. Nf3 d4 26. cxd4 Bxf3 27. Kxf3 Bxd4 28. Rxd4 cxd4 29. Rc1+ Rc6 30. Rxc6+ Kxc6 31. Bxd4 Kd5 32. Be5 b5 33. Bc3 Rb8 34. a3 Rc8 35. g4 Rf8 36. h4 h5 37. Bb4 hxg4+ 38. Kxg4 Rf5 39. Bc3 Ke4 40. Be5 Ke3 41. Bc7 a6 42. Bb6+ Ke4 43. Bc7 Rc5 44. Be5 Rc2 45. Kg5 Rg2+ 46. Kf6 Rg4 47. Bc7 Rg2 48. Be5 a5 49. Ke6 Rg4 50. Kf6 b4 51. Bc7 bxa3 52. bxa3 a4 53. Ke6 Rxh4 54. Kf6 Rg4 55. Bd6 Kd5 56. Bc7 Rg2 57. Be5 Ke4 58. Bc7 Rc2 59. Be5 Rc6+ 60. Kg5 Rb6 61. Bc7 Rb3 62. Bd6 Rb5+ 63. Be5 Rb6 64. Bc7 Rc6 65. Be5 Kd3 66. Bf6 Ke4 67. Be5 Rb6 68. Bc7 1/2-1/2

[Event "CZE-chT2F 1415"]
[Site "Czech Republic"]
[Date "2014.12.14"]
[Round "4.36"]
[White "Kudla, Richard"]
[Black "Olsar, Zdenek"]
[Result "0-1"]
[WhiteElo "2075"]
[BlackElo "1931"]
[PlyCount "86"]
[EventDate "2014.11.02"]
[EventType "team-tourn"]
[EventRounds "11"]
[EventCountry "CZE"]
[SourceTitle "EXT 2022"]
[Source "ChessBase"]
[SourceDate "2021.10.06"]
[SourceVersion "1"]
[SourceVersionDate "2021.10.06"]
[SourceQuality "1"]
[WhiteTeam "Poruba Slavoj II"]
[BlackTeam "Orlova Slavia II"]
[WhiteTeamCountry "CZE"]
[BlackTeamCountry "CZE"]

1. e4 c5 2. c3 d5 3. exd5 Qxd5 4. d4 Nf6 5. Nf3 e6 6. Bd3 Be7 7. 0-0 0-0 8. Bf4 Nc6 9. dxc5 e5 10. c4 Qxc5 11. Be3 Qa5 12. Nbd2 Rd8 13. Qb1 Bg4 14. a3 Qc7 15. Re1 h6 16. h3 Bxf3 17. Nxf3 Rxd3 18. Qxd3 e4 19. Qe2 exf3 20. Qxf3 Ne5 21. Qe2 Ng6 22. b4 Bd6 23. c5 Be5 24. Rad1 Bc3 25. Bd2 Be5 26. Qc4 Rc8 27. Bc3 Bxc3 28. Qxc3 Qc6 29. Qb3 Nh4 30. Qg3 Nf5 31. Qf4 g6 32. Re5 Nh5 33. Qc4 a6 34. Rxf5 gxf5 35. Qh4 Qg6 36. f4 Nf6 37. Rd6 Rc6 38. Qe1 Rxd6 39. cxd6 Ne4 40. Qc1 Qxd6 41. Qc8+ Kg7 42. Qxf5 Qd1+ 43. Kh2 Qh1+ 0-1

[Event "CZE-chT2F 1213"]
[Site "Czech Republic"]
[Date "2013.03.24"]
[Round "11.37"]
[White "Kudla, Richard"]
[Black "Didi, Jan"]
[Result "0-1"]
[WhiteElo "2008"]
[BlackElo "2065"]
[PlyCount "104"]
[EventDate "2012.10.14"]
[EventType "team-tourn"]
[EventRounds "11"]
[EventCountry "CZE"]
[SourceTitle "EXT 2016"]
[Source "ChessBase"]
[SourceDate "2015.10.08"]
[SourceVersion "1"]
[SourceVersionDate "2015.10.08"]
[SourceQuality "1"]
[WhiteTeam "Poruba VOKD"]
[BlackTeam "Ostrava TJ Nova Hut"]
[WhiteTeamCountry "CZE"]
[BlackTeamCountry "CZE"]

1. e4 c5 2. c3 d5 3. exd5 Qxd5 4. d4 cxd4 5. cxd4 e6 6. Nc3 Qd8 7. Nf3 Nf6 8. Be2 Be7 9. 0-0 0-0 10. Be3 b6 11. Ne5 Bb7 12. Bf3 Nd5 13. Rc1 Na6 14. Nxd5 Bxd5 15. Nc6 Bxc6 16. Bxc6 Rc8 17. a3 Nc7 18. Qa4 a5 19. Qb3 Nd5 20. Bxd5 Qxd5 21. Qxb6 Rb8 22. Qc7 Rb7 23. Qc3 Rfb8 24. Rc2 h6 25. Bf4 Rd8 26. Be3 Rb3 27. Qd2 Bd6 28. Rfc1 Rdb8 29. Rc8+ Kh7 30. Rxb8 Rxb8 31. Rc2 Rb3 32. Bf4 Qe4 33. Bxd6 Rd3 34. Kf1 Qxd4 35. Be5 Qd5 36. Bc3 Rxd2 37. Rxd2 Qc4+ 38. Ke1 a4 39. Rd4 Qc6 40. Kf1 e5 41. Rd2 Qc4+ 42. Ke1 f6 43. Rd8 h5 44. Rb8 Kg6 45. Rb4 Qc6 46. f3 Qc5 47. Ke2 Qg1 48. Be1 Qxg2+ 49. Bf2 Qxh2 50. Rxa4 Qh3 51. Ra7 Qe6 52. b4 h4 0-1

[Event "CZE-chT2F 1213"]
[Site "Czech Republic"]
[Date "2013.01.20"]
[Round "7.58"]
[White "Schoupal, Patrik"]
[Black "Kudla, Richard"]
[Result "1/2-1/2"]
[WhiteElo "2067"]
[BlackElo "2008"]
[PlyCount "85"]
[EventDate "2012.10.14"]
[EventType "team-tourn"]
[EventRounds "11"]
[EventCountry "CZE"]
[SourceTitle "EXT 2016"]
[Source "ChessBase"]
[SourceDate "2015.10.08"]
[SourceVersion "1"]
[SourceVersionDate "2015.10.08"]
[SourceQuality "1"]
[WhiteTeam "Trinec II"]
[BlackTeam "Poruba VOKD"]
[WhiteTeamCountry "CZE"]
[BlackTeamCountry "CZE"]

1. e4 c6 2. d4 d5 3. Nc3 dxe4 4. Bc4 Nf6 5. f3 e6 6. fxe4 b5 7. Bd3 Qxd4 8. Nxb5 Qd8 9. Nc3 Bc5 10. Nf3 e5 11. Na4 Nbd7 12. Bg5 h6 13. Bh4 Bb6 14. Nxb6 axb6 15. Bxf6 Nxf6 16. 0-0 Bg4 17. Qe1 0-0 18. Kh1 Re8 19. Rd1 Qc8 20. Bc4 Be6 21. Bxe6 Qxe6 22. a3 Qc4 23. Nd2 Qxc2 24. Rc1 Qxb2 25. Rxc6 Qxa3 26. Rxb6 Qd3 27. Rb3 Qd4 28. Rg3 Nh5 29. Rgf3 Nf6 30. Re3 Ra2 31. Nf3 Qb2 32. Qg3 Re6 33. Nh4 Nh5 34. Qg4 Nf4 35. Nf5 Qxg2+ 36. Qxg2 Nxg2 37. Rg3 Nf4 38. Rxg7+ Kf8 39. Rd1 Ra8 40. Rh7 Kg8 41. Rg7+ Kf8 42. Rh7 Kg8 43. Rg7+ 1/2-1/2

[Event "CZE-chT2F 1213"]
[Site "Czech Republic"]
[Date "2013.01.06"]
[Round "6.26"]
[White "Kudla, Richard"]
[Black "Hrbacek, Miroslav"]
[Result "1-0"]
[WhiteElo "2008"]
[BlackElo "1996"]
[PlyCount "59"]
[EventDate "2012.10.14"]
[EventType "team-tourn"]
[EventRounds "11"]
[EventCountry "CZE"]
[SourceTitle "EXT 2016"]
[Source "ChessBase"]
[SourceDate "2015.10.08"]
[SourceVersion "1"]
[SourceVersionDate "2015.10.08"]
[SourceQuality "1"]
[WhiteTeam "Poruba VOKD"]
[BlackTeam "Albrechtice"]
[WhiteTeamCountry "CZE"]
[BlackTeamCountry "CZE"]

1. e4 c6 2. d4 d5 3. e5 Bf5 4. h4 h6 5. c4 dxc4 6. Bxc4 e6 7. Nc3 Nd7 8. g4 Bh7 9. Nf3 Nb6 10. Bd3 Bxd3 11. Qxd3 Bb4 12. a3 Bxc3+ 13. bxc3 Qd5 14. Rb1 0-0-0 15. 0-0 Ne7 16. Bf4 Ng6 17. Bg3 Nc4 18. Rfe1 Nxa3 19. Ra1 Nc2 20. Qxc2 Qxf3 21. Rxa7 Qxg4 22. Qb1 Rd7 23. Qb6 Rc7 24. Qc5 b6 25. Rxc7+ Kxc7 26. Qd6+ Kb7 27. Qd7+ Kb8 28. Rb1 b5 29. Qxc6 Qe2 30. Rxb5+ 1-0